[Event "Xativa Murta op 5th"]
[Site "Xativa"]
[Date "2019.07.20"]
[Round "8"]
[White "Megias Chafer, Alejandro"]
[Black "Lluch Ventura, Enrique"]
[Result "1-0"]
[WhiteElo "2119"]
[BlackElo "1726"]
[PlyCount "91"]
[EventDate "2019.07.15"]
[EventType "swiss"]
[EventRounds "9"]
[EventCountry "ESP"]
[SourceTitle "EXT 2020"]
[Source "ChessBase"]
[SourceDate "2019.10.17"]
[SourceVersion "1"]
[SourceVersionDate "2019.10.17"]
[SourceQuality "1"]

1. d4 Nf6 2. c4 e6 3. Nf3 b6 4. g3 Bb7 5. Bg2 Be7 6. 0-0 0-0 7. Nc3 d6 8. Qc2 c5 9. d5 Na6 10. e4 Nc7 11. Ne1 b5 12. dxe6 Nxe6 13. Nxb5 a6 14. Nc3 Nd4 15. Qd3 Ng4 16. f4 f5 17. exf5 Bxg2 18. Nxg2 Nxf5 19. Nd5 Bf6 20. Nxf6+ Qxf6 21. Rb1 Rae8 22. h3 Ngh6 23. Bd2 Nd4 24. Rbe1 Re6 25. Bc3 Rfe8 26. g4 Rxe1 27. Rxe1 Rxe1+ 28. Bxe1 Qe6 29. Kf2 Nf7 30. Bc3 h5 31. gxh5 Qh6 32. Qg6 Ne6 33. Kf3 Kf8 34. Qxh6 Nxh6 35. Ke4 Ke7 36. h4 Ng4 37. f5 Nd4 38. Bxd4 cxd4 39. Kxd4 Nh2 40. b4 Nf3+ 41. Kd5 Ne5 42. c5 dxc5 43. Kxe5 cxb4 44. Ne3 a5 45. Nd5+ Kf7 46. Kf4 1-0

[Event "Xativa Murta op 5th"]
[Site "Xativa"]
[Date "2019.07.17"]
[Round "4"]
[White "Megias Chafer, Alejandro"]
[Black "Garcia Martin, Javier Antonio"]
[Result "1-0"]
[WhiteElo "2119"]
[BlackElo "1606"]
[PlyCount "69"]
[EventDate "2019.07.15"]
[EventType "swiss"]
[EventRounds "9"]
[EventCountry "ESP"]
[SourceTitle "EXT 2020"]
[Source "ChessBase"]
[SourceDate "2019.10.17"]
[SourceVersion "1"]
[SourceVersionDate "2019.10.17"]
[SourceQuality "1"]

1. d4 f5 2. g3 Nf6 3. Bg2 g6 4. c4 d6 5. Nc3 Bg7 6. Bg5 Nbd7 7. Qd2 0-0 8. Bh6 Qe8 9. Bxg7 Kxg7 10. Nb5 Qd8 11. d5 Nc5 12. Nh3 e5 13. dxe6 Nxe6 14. 0-0 a6 15. Nc3 Rb8 16. Rfd1 b6 17. Rac1 Bb7 18. Nd5 b5 19. Nhf4 Nxf4 20. Nxf4 Re8 21. Bxb7 Rxb7 22. c5 Ne4 23. Qd4+ Qf6 24. Qxf6+ Kxf6 25. cxd6 cxd6 26. f3 Ng5 27. Rxd6+ Kf7 28. Rcc6 Rbe7 29. Rxa6 Ne6 30. Nxe6 Rxe6 31. Rxe6 Rxe6 32. Rxe6 Kxe6 33. Kf2 Ke5 34. Ke3 h6 35. Kd3 1-0

[Event "Benidorm op U2300 17th"]
[Site "Benidorm"]
[Date "2018.11.30"]
[Round "1"]
[White "Megias Chafer, Alejandro"]
[Black "Pirverdiyev, Agil"]
[Result "0-1"]
[WhiteElo "2096"]
[BlackElo "2298"]
[PlyCount "71"]
[EventDate "2018.11.30"]
[EventType "swiss"]
[EventRounds "10"]
[EventCountry "ESP"]
[SourceTitle "EXT 2022"]
[Source "ChessBase"]
[SourceDate "2021.10.06"]
[SourceVersion "1"]
[SourceVersionDate "2021.10.06"]
[SourceQuality "1"]

1. d4 Nf6 2. c4 e6 3. Nf3 d5 4. Nc3 h6 5. Bf4 Bd6 6. Bg3 0-0 7. e3 Ne4 8. Nxe4 dxe4 9. Nd2 f5 10. Be2 Nc6 11. Bxd6 cxd6 12. 0-0 e5 13. Nb3 f4 14. dxe5 f3 15. gxf3 Bh3 16. Kh1 Bxf1 17. Qd5+ Kh8 18. Rxf1 exf3 19. Bxf3 Nxe5 20. Be2 Qh4 21. Qxb7 Rab8 22. Qg2 Nxc4 23. Nd4 Nxb2 24. Rg1 Rf7 25. f4 Qf6 26. Qc6 Rc7 27. Nf5 Na4 28. Bd3 Rd8 29. Nd4 Nc5 30. Bb1 Qf7 31. Qg2 d5 32. f5 Re8 33. Qg3 Rce7 34. Ne6 Qxe6 35. Re1 Rf8 36. Qg2 0-1

[Event "Xativa Murta op 4th"]
[Site "Xativa"]
[Date "2018.07.17"]
[Round "2"]
[White "Linares Carrasquer, Jordi"]
[Black "Megias Chafer, Alejandro"]
[Result "0-1"]
[WhiteElo "1748"]
[BlackElo "2113"]
[PlyCount "78"]
[EventDate "2018.07.16"]
[EventType "swiss"]
[EventRounds "7"]
[EventCountry "ESP"]
[SourceTitle "CBM 185 Extra"]
[Source "ChessBase"]
[SourceDate "2018.07.29"]
[SourceVersion "1"]
[SourceVersionDate "2018.07.29"]
[SourceQuality "1"]

1. e4 c5 2. Nf3 d6 3. d4 cxd4 4. Qxd4 Nc6 5. Bb5 Bd7 6. Bxc6 Bxc6 7. c4 Nf6 8. Nc3 e6 9. 0-0 Be7 10. Rd1 0-0 11. b3 Qa5 12. Bb2 Rfd8 13. Qd3 Qh5 14. h3 d5 15. cxd5 exd5 16. e5 Ne4 17. Ne2 Bc5 18. Bd4 b6 19. Rac1 Bb7 20. Qe3 Rac8 21. Nf4 Qf5 22. Nd3 Ba3 23. Bb2 Bxb2 24. Nxb2 h6 25. Qd4 Nc5 26. Qe3 Ne6 27. Nd4 Nxd4 28. Qxd4 Rc2 29. Rxc2 Qxc2 30. Re1 Rc8 31. e6 fxe6 32. Rxe6 Qb1+ 33. Kh2 Rc1 34. Kg3 Qf5 35. Qe3 Rc2 36. Nd3 Rc3 37. Re8+ Kh7 38. Qe7 Rxd3+ 39. Kh2 Qf4+ 0-1

[Event "Benimodo op U2200 12th"]
[Site "Benimodo"]
[Date "2017.08.19"]
[Round "3"]
[White "Megias Chafer, Alejandro"]
[Black "Reig Albero, Ferran"]
[Result "0-1"]
[WhiteElo "2137"]
[BlackElo "1939"]
[PlyCount "90"]
[EventDate "2017.08.18"]
[EventType "swiss"]
[EventRounds "7"]
[EventCountry "ESP"]
[SourceTitle "EXT 2019"]
[Source "ChessBase"]
[SourceDate "2018.10.10"]
[SourceVersion "1"]
[SourceVersionDate "2018.10.10"]
[SourceQuality "1"]

1. e4 c5 2. Nf3 d6 3. d4 cxd4 4. Nxd4 Nf6 5. Nc3 Nc6 6. f3 e5 7. Nb3 Be7 8. Be3 0-0 9. Qd2 a5 10. Bb5 Be6 11. Rd1 Na7 12. Be2 Nc6 13. 0-0 a4 14. Nc1 a3 15. b3 Nb4 16. Na4 d5 17. Nc5 Qc8 18. Nxe6 fxe6 19. c3 Nc6 20. Nd3 dxe4 21. Nc5 Bxc5 22. Bxc5 Rd8 23. Qc1 exf3 24. Rxf3 Rxd1+ 25. Bxd1 e4 26. Rg3 Qd7 27. Be2 Ne7 28. Qg5 Nf5 29. Rh3 Qd5 30. Bb4 Nd4 31. Qe3 Nxe2+ 32. Qxe2 Rd8 33. c4 Qd1+ 34. Qxd1 Rxd1+ 35. Kf2 Ra1 36. Bc3 Rxa2+ 37. Ke3 Rc2 38. Kd4 a2 39. Ba1 Rc1 40. Bb2 a1Q 41. Bxa1 Rxa1 42. b4 Kf7 43. Kc5 Ke7 44. Kb6 Rc1 45. c5 e3 0-1

[Event "Barcelona Sants op-B 18th"]
[Site "Barcelona"]
[Date "2016.08.28"]
[Round "10"]
[White "Calderon Alzate, Ivan Alejandro"]
[Black "Megias Chafer, Alejandro"]
[Result "1-0"]
[WhiteElo "1953"]
[BlackElo "2087"]
[PlyCount "69"]
[EventDate "2016.08.19"]
[EventType "swiss"]
[EventRounds "10"]
[EventCountry "ESP"]
[SourceTitle "CBM 174 Extra"]
[Source "ChessBase"]
[SourceDate "2016.10.10"]
[SourceVersion "1"]
[SourceVersionDate "2016.10.10"]
[SourceQuality "1"]

1. e4 c5 2. Nf3 d6 3. Bb5+ Bd7 4. Bxd7+ Qxd7 5. 0-0 Nc6 6. c3 Nf6 7. Re1 e6 8. d4 cxd4 9. cxd4 d5 10. e5 Ne4 11. Nbd2 Nxd2 12. Bxd2 Be7 13. Rc1 0-0 14. a3 f6 15. exf6 Bxf6 16. Bg5 Qf7 17. Qd2 Nxd4 18. Nxd4 Bxg5 19. Qxg5 Qxf2+ 20. Kh1 Qxd4 21. Rxe6 Qxb2 22. Re7 Rad8 23. h3 h6 24. Qe3 Rf6 25. Rcc7 Rg6 26. Qf3 Rf8 27. Qxd5+ Kh8 28. Rxb7 Qxa3 29. Rf7 Re8 30. Rf3 Qc1+ 31. Kh2 Qc2 32. Rf5 a5 33. Rbf7 Kh7 34. Rf8 Qc7+ 35. Kh1 1-0

[Event "Barcelona Sants op-B 18th"]
[Site "Barcelona"]
[Date "2016.08.26"]
[Round "8"]
[White "Minguell Soler, Joan"]
[Black "Megias Chafer, Alejandro"]
[Result "1-0"]
[WhiteElo "1951"]
[BlackElo "2087"]
[PlyCount "71"]
[EventDate "2016.08.19"]
[EventType "swiss"]
[EventRounds "10"]
[EventCountry "ESP"]
[SourceTitle "CBM 174 Extra"]
[Source "ChessBase"]
[SourceDate "2016.10.10"]
[SourceVersion "1"]
[SourceVersionDate "2016.10.10"]
[SourceQuality "1"]

1. d4 d5 2. c4 c6 3. Nf3 Nf6 4. Nc3 e6 5. e3 Nbd7 6. Qc2 Be7 7. Bd3 dxc4 8. Bxc4 b5 9. Be2 Bb7 10. 0-0 0-0 11. Rd1 Rc8 12. a3 a5 13. Ne5 Bd6 14. Nxd7 Qxd7 15. e4 Bb8 16. b4 axb4 17. axb4 Qe7 18. e5 Nd5 19. Nxd5 cxd5 20. Qd3 Rc4 21. Qg3 f6 22. Bxc4 dxc4 23. Qc3 fxe5 24. dxe5 Qh4 25. Be3 Qg4 26. g3 Qe4 27. Kf1 Qh1+ 28. Ke2 Bf3+ 29. Kd2 Rd8+ 30. Bd4 Qxh2 31. Qxf3 Rxd4+ 32. Ke3 Rxd1 33. Rxd1 Qh6+ 34. Ke2 Bc7 35. Rd7 Qg6 36. Qa8+ 1-0

[Event "Barcelona Sants op-B 18th"]
[Site "Barcelona"]
[Date "2016.08.24"]
[Round "6"]
[White "Perez Garcia, Jose Miguel"]
[Black "Megias Chafer, Alejandro"]
[Result "0-1"]
[WhiteElo "1931"]
[BlackElo "2087"]
[PlyCount "96"]
[EventDate "2016.08.19"]
[EventType "swiss"]
[EventRounds "10"]
[EventCountry "ESP"]
[SourceTitle "CBM 174 Extra"]
[Source "ChessBase"]
[SourceDate "2016.10.10"]
[SourceVersion "1"]
[SourceVersionDate "2016.10.10"]
[SourceQuality "1"]

1. Nf3 d5 2. d4 Nf6 3. c4 c6 4. e3 Bf5 5. Bd3 Bxd3 6. Qxd3 e6 7. Nc3 Nbd7 8. 0-0 Bd6 9. e4 dxe4 10. Nxe4 Nxe4 11. Qxe4 Qc7 12. Bd2 Nf6 13. Qe2 h6 14. Bc3 0-0-0 15. c5 Bf8 16. Ne5 Nd5 17. Qf3 f6 18. Ng6 Rg8 19. Rfe1 Re8 20. g3 Qf7 21. Ne5 Qc7 22. Nc4 g5 23. Qh5 Qd7 24. Qd1 Kb8 25. Qb3 h5 26. Ne3 Bg7 27. a4 f5 28. Nc4 h4 29. Nd6 Ref8 30. a5 a6 31. Qc2 Rh8 32. Ra3 Ka8 33. Rb3 Rb8 34. Qe2 Rh6 35. Ra1 hxg3 36. fxg3 f4 37. Nc4 Rbh8 38. Nd6 Rxh2 39. Qxh2 Rxh2 40. Kxh2 Qd8 41. Rxb7 Qh8+ 42. Kg2 Ne3+ 43. Kf3 Qh5+ 44. Ke4 Qg6+ 45. Kf3 g4+ 46. Ke2 Qc2+ 47. Bd2 Nc4 48. Rxg7 Qxd2+ 0-1

[Event "Provincial-ch Valencia"]
[Site "Valencia"]
[Date "2012.11.24"]
[Round "7"]
[White "Fos Santacreu, Juan Andres"]
[Black "Megias Chafer, Alejandro"]
[Result "1/2-1/2"]
[WhiteElo "2283"]
[BlackElo "2117"]
[PlyCount "99"]
[EventDate "2012.10.06"]
[EventType "swiss"]
[EventRounds "7"]
[EventCountry "ESP"]
[SourceTitle "EXT 2024"]
[Source "ChessBase"]
[SourceDate "2023.10.10"]
[SourceVersion "1"]
[SourceVersionDate "2023.10.10"]
[SourceQuality "1"]

1. c4 c6 2. d4 d5 3. Nc3 Nf6 4. Nf3 e6 5. Bg5 h6 6. Bh4 dxc4 7. e4 g5 8. Bg3 b5 9. a3 Bb7 10. Be2 Nbd7 11. Ne5 Nxe5 12. Bxe5 Bg7 13. 0-0 0-0 14. f4 Ne8 15. Bxg7 Nxg7 16. fxg5 hxg5 17. Qd2 e5 18. d5 Ne6 19. Bg4 Nd4 20. h4 cxd5 21. Rae1 dxe4 22. Qxg5+ Qxg5 23. hxg5 Rad8 24. Rf6 Kg7 25. Ref1 e3 26. Bh5 Rd7 27. g6 Ne6 28. Bg4 Re7 29. Bxe6 Rxe6 30. Rxf7+ Rxf7 31. Rxf7+ Kxg6 32. Rxb7 a6 33. Nd5 Rd6 34. Rb6 Rxb6 35. Nxb6 Kf5 36. Kf1 Ke4 37. Ke2 a5 38. g3 Kd4 39. g4 b4 40. axb4 axb4 41. Na4 Ke4 42. Nc5+ Kf4 43. g5 Kf5 44. Kxe3 Kxg5 45. Na6 b3 46. Kd2 e4 47. Nc5 e3+ 48. Kxe3 c3 49. Nd3 cxb2 50. Nxb2 1/2-1/2

[Event "Provincial-ch Valencia"]
[Site "Valencia"]
[Date "2012.10.06"]
[Round "1"]
[White "Grau Peris, Ruben"]
[Black "Megias Chafer, Alejandro"]
[Result "0-1"]
[WhiteElo "1949"]
[BlackElo "2117"]
[PlyCount "88"]
[EventDate "2012.10.06"]
[EventType "swiss"]
[EventRounds "7"]
[EventCountry "ESP"]
[SourceTitle "EXT 2024"]
[Source "ChessBase"]
[SourceDate "2023.10.10"]
[SourceVersion "1"]
[SourceVersionDate "2023.10.10"]
[SourceQuality "1"]

1. d4 d5 2. g3 c6 3. Bg2 Bf5 4. c3 Nf6 5. Bg5 Nbd7 6. Nf3 h6 7. Bxf6 Nxf6 8. Nbd2 Qb6 9. Qb3 e6 10. Qxb6 axb6 11. 0-0 Bd6 12. Rfe1 0-0 13. Nh4 Bh7 14. e4 g5 15. e5 gxh4 16. exd6 Rfd8 17. Nf3 hxg3 18. hxg3 Rxd6 19. Ne5 Rdd8 20. Bf3 Kg7 21. Kg2 c5 22. a3 Ra4 23. Bd1 Ra7 24. Rh1 Rc8 25. Rh4 Be4+ 26. f3 Bf5 27. Be2 Ra4 28. Bd1 Raa8 29. Be2 Rc7 30. Rah1 h5 31. Kf2 Rg8 32. Rd1 Kf8 33. Bb5 Ke7 34. Be2 Bg6 35. dxc5 bxc5 36. Rf4 Nd7 37. Nxd7 Rxd7 38. Rh4 e5 39. f4 exf4 40. gxf4 Be4 41. Rxh5 Rg2+ 42. Kf1 f6 43. Bc4 dxc4 44. Re1 Rdd2 0-1

[Event "Benidorm op U2300 10th"]
[Site "Benidorm"]
[Date "2011.12.02"]
[Round "1"]
[White "Megias Chafer, Alejandro"]
[Black "Fos Santacreu, Juan Andres"]
[Result "1-0"]
[WhiteElo "2117"]
[BlackElo "2293"]
[PlyCount "109"]
[EventDate "2011.12.02"]
[EventType "swiss"]
[EventRounds "10"]
[EventCountry "ESP"]
[SourceTitle "CBM 145 Extra"]
[Source "ChessBase"]
[SourceDate "2012.01.03"]
[SourceVersion "1"]
[SourceVersionDate "2012.01.03"]
[SourceQuality "1"]

1. e4 c6 2. d4 d5 3. Nd2 dxe4 4. Nxe4 Nf6 5. Nxf6+ exf6 6. Nf3 Bd6 7. Bd3 0-0 8. 0-0 Bg4 9. Re1 Nd7 10. h3 Bh5 11. c3 Qc7 12. Qc2 Bxf3 13. gxf3 g6 14. Bh6 Rfe8 15. Qd2 Bf8 16. Bf4 Bd6 17. Bh6 Nf8 18. Rxe8 Rxe8 19. Re1 Rxe1+ 20. Qxe1 Ne6 21. Bc4 Qd7 22. Qe4 Bf8 23. Be3 Ng7 24. d5 c5 25. Bf1 Bd6 26. a3 Nf5 27. b4 cxb4 28. axb4 b6 29. Bd2 a5 30. bxa5 bxa5 31. c4 a4 32. Bc3 Qe7 33. Qxe7 Bxe7 34. Bd3 Nh4 35. f4 a3 36. Bb1 Kg7 37. Kf1 Bd6 38. Ke2 Ng2 39. f5 Nf4+ 40. Ke3 g5 41. Bd4 Be7 42. Ba2 Kf8 43. c5 Ke8 44. d6 Bf8 45. Bxf6 h6 46. Be5 Kd7 47. Bxf4 gxf4+ 48. Kd4 Kc6 49. f6 h5 50. Bd5+ Kd7 51. Bxf7 Kc6 52. Ba2 Bh6 53. Ke5 f3 54. Ke6 Bf8 55. Bd5+ 1-0

[Event "Mondariz op 9th"]
[Site "Mondariz Balneario"]
[Date "2011.08.27"]
[Round "6.3"]
[White "Megias Chafer, Alejandro"]
[Black "Teijeiro Barros, Alberto"]
[Result "1/2-1/2"]
[WhiteElo "2111"]
[BlackElo "2123"]
[PlyCount "103"]
[EventDate "2011.08.22"]
[EventType "swiss"]
[EventRounds "7"]
[EventCountry "ESP"]
[SourceTitle "EXT 2024"]
[Source "ChessBase"]
[SourceDate "2023.10.10"]
[SourceVersion "1"]
[SourceVersionDate "2023.10.10"]
[SourceQuality "1"]

1. e4 c6 2. d4 d5 3. Nd2 dxe4 4. Nxe4 Nd7 5. Ng5 Ngf6 6. Bd3 e6 7. N1f3 Bd6 8. Qe2 h6 9. Ne4 Nxe4 10. Qxe4 Nf6 11. Qe2 Qc7 12. Bd2 b6 13. 0-0-0 Bb7 14. Ne5 c5 15. Bb5+ Ke7 16. dxc5 Qxc5 17. a3 a5 18. f4 Rhd8 19. Rhe1 Rac8 20. Be3 Qc7 21. Bd4 Kf8 22. g4 Nd5 23. Rf1 f6 24. Bd3 Bc5 25. Bxc5+ Qxc5 26. Ng6+ Kf7 27. Rde1 Rd6 28. g5 Ne7 29. Qh5 Rxd3 30. Ne5+ Kg8 31. Qe2 fxe5 32. Qxd3 e4 33. Qd2 h5 34. Re3 Nf5 35. Rc3 Qf8 36. Rd1 e3 37. Qd3 Rxc3 38. Qxc3 Bd5 39. g6 Qe8 40. Qc7 Qxg6 41. Qxb6 Qg4 42. Qxa5 Qxf4 43. Kb1 Kh7 44. b3 Nd4 45. Qc3 e5 46. a4 e2 47. Re1 Be4 48. Kb2 Qf2 49. Qd2 Qf3 50. c3 Nxb3 51. Kxb3 Bd3 52. Rc1 1/2-1/2

[Event "Mondariz op 9th"]
[Site "Mondariz Balneario"]
[Date "2011.08.23"]
[Round "2.8"]
[White "Megias Chafer, Alejandro"]
[Black "Monteiro, Jose Macedo"]
[Result "1/2-1/2"]
[WhiteElo "2111"]
[BlackElo "1889"]
[PlyCount "114"]
[EventDate "2011.08.22"]
[EventType "swiss"]
[EventRounds "7"]
[EventCountry "ESP"]
[SourceTitle "EXT 2024"]
[Source "ChessBase"]
[SourceDate "2023.10.10"]
[SourceVersion "1"]
[SourceVersionDate "2023.10.10"]
[SourceQuality "1"]

1. e4 e5 2. Nf3 Nf6 3. Nxe5 d6 4. Nf3 Nxe4 5. Nc3 Nxc3 6. dxc3 Be7 7. Bf4 Be6 8. Bd3 Nc6 9. Qd2 h6 10. 0-0-0 Qd7 11. Kb1 0-0-0 12. Bb5 a6 13. Ba4 b5 14. Bb3 Bf6 15. Rhe1 Rhe8 16. h3 Na5 17. Nd4 Nc4 18. Qd3 d5 19. g4 c5 20. Nxe6 fxe6 21. Bxc4 bxc4 22. Qe3 d4 23. Qe2 Qd5 24. Be5 Kb7 25. f4 d3 26. Qe3 Kc6 27. b3 Bxe5 28. Qxe5 Rd7 29. Qxd5+ Rxd5 30. cxd3 cxd3 31. Re3 Kd6 32. Rdxd3 Rf8 33. c4 Rxd3 34. Rxd3+ Ke7 35. Rf3 g5 36. f5 exf5 37. gxf5 h5 38. Kb2 g4 39. hxg4 hxg4 40. Rf4 Rg8 41. Ka3 g3 42. Rf1 g2 43. Rg1 Kf6 44. Ka4 Kxf5 45. Ka5 Kf4 46. Kxa6 Kf3 47. Kb5 Ra8 48. a4 Rb8+ 49. Kxc5 Rxb3 50. a5 Kf2 51. Rxg2+ Kxg2 52. a6 Kf3 53. a7 Ra3 54. Kb6 Ke4 55. Kb7 Rb3+ 56. Kc7 Ra3 57. Kb8 Rb3+ 1/2-1/2

[Event "Mislata op 43rd"]
[Site "Mislata"]
[Date "2009.08.28"]
[Round "7"]
[White "Megias Chafer, Alejandro"]
[Black "Alonso Moyano, Jonathan"]
[Result "0-1"]
[WhiteElo "2138"]
[BlackElo "2365"]
[PlyCount "127"]
[EventDate "2009.08.24"]
[EventType "swiss"]
[EventRounds "9"]
[EventCountry "ESP"]
[SourceTitle "CBM 131 Extra"]
[Source "ChessBase"]
[SourceDate "2009.09.03"]
[SourceVersion "2"]
[SourceVersionDate "2009.09.16"]
[SourceQuality "1"]

1. e4 c5 2. Nf3 d6 3. d4 cxd4 4. Nxd4 Nf6 5. Nc3 a6 6. f3 b5 7. Be3 Bb7 8. Qd2 Nbd7 9. 0-0-0 e6 10. g4 Nb6 11. Bd3 Rc8 12. h4 Nfd7 13. Qf2 Rxc3 14. bxc3 Na4 15. Bd2 Qc7 16. Nb3 d5 17. exd5 Bxd5 18. Be4 Ba3+ 19. Kb1 Ndb6 20. Qd4 0-0 21. h5 e5 22. Qd3 Bxe4 23. fxe4 Nc4 24. h6 g6 25. Qf3 Qe7 26. Rh3 f6 27. Qd3 Bb2 28. a3 Rd8 29. Qe2 Nxa3+ 30. Ka2 Nc4 31. Rd3 Rf8 32. Rf1 Nc5 33. Kb1 Na4 34. Qf2 Qa3 35. Rd1 Nxd2+ 36. Qxd2 Bxc3 37. Qc1 Bb2 38. Qe3 Bd4 39. Qc1 Nc3+ 40. Rxc3 Qxc1+ 41. Kxc1 Bxc3 42. Rd7 Bb4 43. Rg7+ Kh8 44. Ra7 a5 45. Nxa5 Bc5 46. Rb7 Be3+ 47. Kd1 Rd8+ 48. Ke2 Bxh6 49. Nb3 Rc8 50. Kd3 Bf4 51. Rxb5 h5 52. gxh5 gxh5 53. Ra5 h4 54. Ra1 h3 55. Rh1 h2 56. Nc1 Bxc1 57. Rxc1 Rg8 58. Rh1 Rg2 59. c4 Kg7 60. Ke3 Kf7 61. Kf3 Rc2 62. Kg3 Rxc4 63. Rxh2 Rxe4 64. Kf3 0-1

[Event "Valencia Autonomico Sur-A"]
[Site "Valencia"]
[Date "2009.01.31"]
[Round "4.2"]
[White "Vila Antunez, Joaquin"]
[Black "Megias Chafer, Alejandro"]
[Result "1/2-1/2"]
[WhiteElo "2198"]
[BlackElo "2159"]
[PlyCount "130"]
[EventDate "2009.01.10"]
[EventType "team-tourn"]
[EventRounds "5"]
[EventCountry "ESP"]
[SourceTitle "EXT 2011"]
[Source "ChessBase"]
[SourceDate "2010.11.26"]
[SourceVersion "1"]
[SourceVersionDate "2010.11.26"]
[SourceQuality "1"]

1. d4 d5 2. c4 c6 3. Nc3 Nf6 4. cxd5 cxd5 5. Bf4 Nc6 6. e3 Qb6 7. Bd3 a6 8. a3 e6 9. Nf3 Be7 10. 0-0 0-0 11. b4 Bd7 12. Na4 Qa7 13. Nc5 Rfd8 14. Qe2 Be8 15. Rfc1 Rac8 16. Rc2 Qa8 17. Rac1 Na7 18. Ne5 Bb5 19. Bg5 Bxd3 20. Qxd3 Nb5 21. a4 Nd6 22. a5 Nde8 23. f4 Nd6 24. g4 Rc7 25. h4 h6 26. Bxf6 Bxf6 27. Nf3 Rdc8 28. g5 Be7 29. gxh6 gxh6 30. Kh2 Kh8 31. Rg1 Rg8 32. Rcg2 Rxg2+ 33. Rxg2 Nf5 34. e4 dxe4 35. Qxe4 Bd6 36. d5 Qe8 37. dxe6 fxe6 38. Nxe6 Ng7 39. Rg6 Nxe6 40. Rxh6+ Kg8 41. Rxe6 Bxf4+ 42. Kh3 Qd7 43. Qg6+ Kf8 44. Qf5+ Kg8 45. Qg4+ Kh8 46. Qh5+ Kg7 47. Qg6+ Kh8 48. Kg4 Bc1 49. Qh5+ Kg7 50. Qg6+ Kf8 51. Qf5+ Kg8 52. h5 Rc6 53. Qg6+ Kf8 54. Qf5+ Kg8 55. Qg6+ Kf8 56. Qf6+ Kg8 57. Qg6+ Kf8 58. Qf5+ Kg8 59. Rg6+ Rxg6+ 60. hxg6 Qxf5+ 61. Kxf5 Ba3 62. Ne5 Bxb4 63. Nc4 Kg7 64. Ke6 Kxg6 65. Kd7 Bxa5 1/2-1/2

[Event "Valencia Autonomico Sur-A"]
[Site "Valencia"]
[Date "2009.01.24"]
[Round "3.2"]
[White "Megias Chafer, Alejandro"]
[Black "Cantero Navarro, Antonio"]
[Result "0-1"]
[WhiteElo "2159"]
[BlackElo "2252"]
[PlyCount "78"]
[EventDate "2009.01.10"]
[EventType "team-tourn"]
[EventRounds "5"]
[EventCountry "ESP"]
[SourceTitle "EXT 2011"]
[Source "ChessBase"]
[SourceDate "2010.11.26"]
[SourceVersion "1"]
[SourceVersionDate "2010.11.26"]
[SourceQuality "1"]

1. e4 e5 2. Nf3 Nc6 3. Bb5 a6 4. Ba4 Nf6 5. 0-0 Nxe4 6. d4 b5 7. Bb3 d5 8. dxe5 Be6 9. c3 Bc5 10. Qe2 0-0 11. Nbd2 Bf5 12. Nxe4 dxe4 13. Ng5 Nxe5 14. Nxe4 Bg4 15. Qd2 Qxd2 16. Bxd2 Bb6 17. Be3 Bxe3 18. fxe3 Nd3 19. Nf2 Be2 20. Nxd3 Bxd3 21. Rfd1 Rad8 22. Rd2 Rd6 23. a4 Rfd8 24. a5 Kf8 25. Rad1 Ke7 26. Rf2 f5 27. g4 g6 28. g5 c5 29. Rfd2 c4 30. Ba2 Bc2 31. Rxd6 Rxd6 32. Rd4 Rxd4 33. exd4 Ke6 34. Kf2 f4 35. Kf3 Kf5 36. h4 Be4+ 37. Kf2 Bd5 38. Bb1+ Kg4 39. Bc2 Kxh4 0-1

[Event "Valencia Autonomico Sur-A"]
[Site "Valencia"]
[Date "2009.01.17"]
[Round "2.2"]
[White "Castella Garcia, Fausto"]
[Black "Megias Chafer, Alejandro"]
[Result "1-0"]
[WhiteElo "2333"]
[BlackElo "2159"]
[PlyCount "99"]
[EventDate "2009.01.10"]
[EventType "team-tourn"]
[EventRounds "5"]
[EventCountry "ESP"]
[SourceTitle "EXT 2011"]
[Source "ChessBase"]
[SourceDate "2010.11.26"]
[SourceVersion "1"]
[SourceVersionDate "2010.11.26"]
[SourceQuality "1"]

1. e4 c6 2. d4 d5 3. e5 Bf5 4. Nf3 e6 5. Be2 Nd7 6. 0-0 h6 7. Nbd2 Ne7 8. Nb3 Bh7 9. a4 c5 10. Nxc5 Nxc5 11. dxc5 Nc6 12. Be3 Be7 13. c3 0-0 14. b4 Qc7 15. Bd4 Rad8 16. Bd3 f6 17. Bxh7+ Kxh7 18. Qd3+ Kg8 19. Qg6 fxe5 20. Qxe6+ Kh7 21. Bxe5 Nxe5 22. Qxe5 Qxe5 23. Nxe5 Bf6 24. f4 d4 25. c4 d3 26. Rad1 Rd4 27. Nxd3 Rxc4 28. a5 Rd8 29. Rc1 Re4 30. Rf3 Bd4+ 31. Kf1 Be3 32. Rc3 Bd2 33. Rb3 Rdd4 34. g3 Kg8 35. Rf2 Bxb4 36. Nxb4 Rxb4 37. Rfb2 Rbc4 38. Rxb7 Rxc5 39. Rxa7 Ra4 40. Rb8+ Kh7 41. Rbb7 Rc2 42. Rxg7+ Kh8 43. Rge7 Ra1+ 44. Re1 Rxe1+ 45. Kxe1 Rxh2 46. a6 Ra2 47. f5 h5 48. f6 Kg8 49. Rg7+ Kf8 50. a7 1-0

[Event "Benidorm op U2300 07th"]
[Site "Benidorm"]
[Date "2008.12.04"]
[Round "6"]
[White "Megias Chafer, Alejandro"]
[Black "Serna Lara, Sergio"]
[Result "1/2-1/2"]
[WhiteElo "2159"]
[BlackElo "2265"]
[PlyCount "69"]
[EventDate "2008.11.29"]
[EventType "swiss"]
[EventRounds "9"]
[EventCountry "ESP"]
[SourceTitle "CBM 127 Extra"]
[Source "ChessBase"]
[SourceDate "2009.01.08"]
[SourceVersion "2"]
[SourceVersionDate "2009.01.28"]
[SourceQuality "1"]

1. e4 d5 2. exd5 Qxd5 3. Nc3 Qd6 4. d4 Nf6 5. Nf3 c6 6. h3 Bf5 7. Bc4 e6 8. Qe2 Be7 9. Bg5 Nbd7 10. 0-0-0 Nb6 11. Bb3 Nbd5 12. Nxd5 Nxd5 13. Bxe7 Qxe7 14. g4 Bg6 15. h4 h6 16. Bxd5 cxd5 17. Ne5 0-0 18. g5 h5 19. Rde1 Bf5 20. Qxh5 Rfc8 21. Re2 g6 22. Qh6 Qf8 23. Qxf8+ Kxf8 24. h5 gxh5 25. Rxh5 Kg7 26. f3 Rh8 27. Reh2 Rxh5 28. Rxh5 Rc8 29. c3 b5 30. a3 a5 31. Kd2 b4 32. axb4 axb4 33. Rh1 bxc3+ 34. bxc3 Ra8 35. Rc1 1/2-1/2

[Event "Benidorm op U2300 07th"]
[Site "Benidorm"]
[Date "2008.12.03"]
[Round "5"]
[White "Cortes Lizano, Jesus"]
[Black "Megias Chafer, Alejandro"]
[Result "0-1"]
[WhiteElo "2254"]
[BlackElo "2159"]
[PlyCount "106"]
[EventDate "2008.11.29"]
[EventType "swiss"]
[EventRounds "9"]
[EventCountry "ESP"]
[SourceTitle "CBM 127 Extra"]
[Source "ChessBase"]
[SourceDate "2009.01.08"]
[SourceVersion "2"]
[SourceVersionDate "2009.01.28"]
[SourceQuality "1"]

1. c4 e6 2. Nf3 f5 3. g3 b6 4. Bg2 Bb7 5. Nc3 Nf6 6. d3 Be7 7. Qc2 0-0 8. 0-0 d6 9. e4 fxe4 10. dxe4 e5 11. Ng5 Bc8 12. c5 Qe8 13. Qb3+ Kh8 14. Nb5 Na6 15. cxd6 Bxd6 16. Nxd6 cxd6 17. Qa3 h6 18. Nf3 Nc5 19. Nh4 Be6 20. b4 Na4 21. f4 Rc8 22. Bd2 Bc4 23. Rfe1 b5 24. g4 exf4 25. Qh3 Nh7 26. Nf5 Ng5 27. Qh4 Qe5 28. Kh1 Bd3 29. Qf2 f3 30. Bxf3 Nxf3 31. Qxf3 Bc2 32. Bf4 Qb2 33. Bxd6 Rfe8 34. Ne7 Rc4 35. Be5 Qxb4 36. Nd5 Qf8 37. Qxf8+ Rxf8 38. Nf4 Kh7 39. Nh5 Bxe4+ 40. Kg1 Bb7 41. Bxg7 Rf7 42. h3 Rc2 43. Bf6 Kg6 44. Re8 Rg2+ 45. Kf1 Rxf6+ 46. Nxf6 Kxf6 47. Rae1 Rxa2 48. R8e6+ Kg5 49. R1e5+ Kh4 50. Rxh6+ Kg3 51. Re3+ Bf3 52. Re1 Nc3 53. Rhe6 Rf2+ 0-1